|
|
|
|
| LEADER |
02098nam a2200433 a 4500 |
| 001 |
EBC415155 |
| 003 |
MiAaPQ |
| 005 |
20200520144314.0 |
| 006 |
m o d | |
| 007 |
cr cn||||||||| |
| 008 |
140723s2009 enka sb 001 0 eng |
| 010 |
|
|
|z 2006026273
|
| 020 |
|
|
|z 9780195305449 (cloth : alk. paper)
|
| 020 |
|
|
|z 0195305442 (cloth : alk. paper)
|
| 020 |
|
|
|a 9780199719372 (electronic bk.)
|
| 035 |
|
|
|a (MiAaPQ)EBC415155
|
| 035 |
|
|
|a (Au-PeEL)EBL415155
|
| 035 |
|
|
|a (CaPaEBR)ebr10246257
|
| 035 |
|
|
|a (CaONFJC)MIL172394
|
| 035 |
|
|
|a (OCoLC)476240481
|
| 040 |
|
|
|a MiAaPQ
|c MiAaPQ
|d MiAaPQ
|
| 043 |
|
|
|a n-us---
|
| 050 |
|
4 |
|a HQ792.U5
|b L57 2009
|
| 082 |
0 |
4 |
|a 305.230973
|2 22
|
| 100 |
1 |
|
|a Lindsey, Duncan,
|d 1947-
|
| 245 |
1 |
0 |
|a Child poverty and inequality
|h [electronic resource] :
|b securing a better future for America's children /
|c Duncan Lindsey.
|
| 260 |
|
|
|a Oxford ;
|a New York :
|b Oxford University Press,
|c 2009.
|
| 300 |
|
|
|a xiii, 210 p. :
|b ill.
|
| 504 |
|
|
|a Includes bibliographical references (p. 165-194) and indexes.
|
| 505 |
0 |
|
|a The color of child poverty -- Growing inequality : from the "era of the middle class" to the "era of the wealthy class" -- Doing for children what we have done for seniors : government efforts to end poverty -- The failure of welfare reform to reduce child poverty -- Eliminating welfare and reducing child poverty -- Embracing capitalism : investing in our children -- Closing : the world we leave our children.
|
| 533 |
|
|
|a Electronic reproduction. Ann Arbor, MI : ProQuest, 2015. Available via World Wide Web. Access may be limited to ProQuest affiliated libraries.
|
| 650 |
|
0 |
|a Children
|z United States
|x Social conditions
|y 21st century.
|
| 650 |
|
0 |
|a Children
|z United States
|x Economic conditions
|y 21st century.
|
| 650 |
|
0 |
|a Child welfare
|z United States.
|
| 650 |
|
0 |
|a Poverty
|z United States.
|
| 650 |
|
0 |
|a Saving and investment
|z United States.
|
| 655 |
|
4 |
|a Electronic books.
|
| 710 |
2 |
|
|a ProQuest (Firm)
|
| 856 |
4 |
0 |
|u https://ebookcentral.proquest.com/lib/matrademy/detail.action?docID=415155
|z Click to View
|